| 000 | 00556cam a2200217 4500 | ||
|---|---|---|---|
| 008 | 090401t1988 xxu||||| |||| 00| 0 eng d | ||
| 020 | _a0851214274 | ||
| 035 | _a(Sirsi) u67838 | ||
| 041 | _aeng | ||
| 050 | _a692.8 | ||
| 100 | _aElliott, Robert Fenwick | ||
| 245 | _aBuilding contract litigation | ||
| 250 | _a3rd ed. | ||
| 260 |
_aLondon _bLongman _c1988 |
||
| 300 | _axxii,265p. ; 24cm. | ||
| 350 | _a35 | ||
| 490 | _aLongman Practitioner Series | ||
| 650 | _aBUILT ENVIRONMENT-BUILDING CONTRACT FORMS | ||
| 942 | _n0 | ||
| 948 | _c04/03/1997 | ||
| 999 |
_c95045 _d95045 |
||